Beginning XSLT and XPath : (Record no. 18749)

MARC details
000 -LEADER
fixed length control field 00524nam a22001697a 4500
005 - DATE AND TIME OF LATEST TRANSACTION
control field 20240606134731.0
008 - FIXED-LENGTH DATA ELEMENTS--GENERAL INFORMATION
fixed length control field 230614b |||||||| |||| 00| 0 eng d
020 ## - INTERNATIONAL STANDARD BOOK NUMBER
ISBN 9780470477250
082 ## - DEWEY DECIMAL CLASSIFICATION NUMBER
Classification number 006.76
Item number WIL-B
100 ## - MAIN ENTRY--AUTHOR
Author Name Williams,Ians
245 ## - TITLE STATEMENT
Title Beginning XSLT and XPath :
Remainder of title transforming XML documents and data /
Statement of responsibility, etc. Lans William
260 ## - PUBLICATION, DISTRIBUTION, ETC.
Place of Publication USA:
Name of publisher, distributor, etc. Wiley;
Date of publication, distribution, etc. 2009.
300 ## - PHYSICAL DESCRIPTION
Pages xxi 397 p. :
500 ## - GENERAL NOTE
General note include index.
650 ## - SUBJECT ADDED ENTRY--TOPICAL TERM
Subject / Department computer science/ web operating system
300 ## - PHYSICAL DESCRIPTION
-- ill;
-- 23 cm.
952 ## - LOCATION AND ITEM INFORMATION (KOHA)
-- 0
-- 0
952 ## - LOCATION AND ITEM INFORMATION (KOHA)
-- 0
-- 0
952 ## - LOCATION AND ITEM INFORMATION (KOHA)
-- 0
-- 0
952 ## - LOCATION AND ITEM INFORMATION (KOHA)
-- 0
-- 0
Holdings
Lost status Damaged status Permanent Location Current Location Shelving Location Date acquired Full Call Number Accession No./Barcode Date last seen item type
    Superior Information Resource Center (SIRC) Superior University- Gold Campus Superior Information Resource Center (SIRC) Superior University- Gold Campus Web Programming 06/14/2023 006.76 WIL-B 2009 19329 06/14/2023 BOOK
    Superior Information Resource Center (SIRC) Superior University- Gold Campus Superior Information Resource Center (SIRC) Superior University- Gold Campus Web Programming 06/20/2023 006.76 WIL-B 2009 19365 06/20/2023 BOOK
    Superior Information Resource Center (SIRC) Superior University- Gold Campus Superior Information Resource Center (SIRC) Superior University- Gold Campus Web Programming 07/31/2023 006.76 WIL-B 2009 19519 07/31/2023 BOOK
    Superior Information Resource Center (SIRC) Superior University- Gold Campus Superior Information Resource Center (SIRC) Superior University- Gold Campus Web Programming 07/31/2023 006.76 WIL-B 2009 19520 07/31/2023 BOOK

Powered by Koha